000 00550nam a2200181 i 4500
001 20185
003 ES-MaACL
005 20230906152242.0
007 t|
008 021107s1968 sp |||| | spa d
100 1 _aAguado Sánchez, Francisco.
_918627
245 1 4 _aLos accidentes de tráfico /
_cFrancisco Aguado Sánchez.
250 _a1ª ed.
260 _aMadrid :
_b[s.n.],
_c1968 (
_fArtes Gráf. de H. de la Guardia Civil)
300 _a99 p. ;
_c16 cm.
650 4 _aAccidentes de tráfico-
_zEspaña.
_9151578
852 _aES-MaACL
_jC-36153
999 _c20185
_d20185